000 00824nam a2200277 i 4500
003 DO-SdBNP
005 20250211072713.0
007 ta
008 240711b1997 sp ||||| |||| 00| 0 spa d
020 _a8471753111
040 _aDO-SdBNP
_bspa
_cBNPHU
_erda
082 4 _222
100 1 _aRotterdam, Erasmo de,
_eautor
_4aut.
_986039
245 1 0 _aElogio de la locura /
_cErasmo de Rotterdam
250 _asegunda edición
264 1 _aEspaña :
_bEdiciones 29,
_c1997.
300 _a115 páginas ;
_c18 cm.
336 _atexto
_btxt
_2rdacontent
337 _asin mediación
_bn
_2rdamedia
338 _avolumen
_bnc
_2rdacarrier
490 _aGrandes Autores
500 _aIncluye refencias bibliográficas y notas al pie de las páginas
590 _aInventariado, 2024/BT
910 _aBtavárez
942 _2ddc
_cLBS1
999 _c57252
_d57252